000 00767 a2200217 4500
010 _aENG-89965
020 _a8187358329
_c675.00
035 _aEN-73498
037 _bDBAD / VEN
082 1 4 _a338.9
090 _c12079
_d12079
245 1 _aGlobalization and the millennium development goals:
_cedited by Manmohan Agarwal and Amit Shovon Ray
_bnegotiating the challenge/
260 _aNew Delhi
_bSocial Science Press,
_c2007
260 _aNew Delhi
_bOrient Longman
270 _a69, Jor bagh
_bNew Delhi
_e110 063
300 _axix, 260p.
_c22 cm. (Hb)
700 1 _aAgarwal, Manmohan
700 1 _aRay, Amit Shovon
942 _adpl
_cEN
_k338.9 / GLO
999 _c11725
_d11725